Statistiche per Primi 15 paesi interessati da Covid-19 - 30 maggio

Clicka qui per fare il quiz!

Statistiche generali

  • Questo quiz è stato fatto 5 volte
  • Il punteggio medio è 11 su 25

Statistiche sulle risposte

nazione% Corretto
Brasile
100%
Italia
100%
Stati Uniti
100%
Francia
75%
India
75%
Regno Unito
75%
Russia
75%
Spagna
75%
Svezia
75%
Belgio
50%
Canada
50%
Germania
50%
Messico
50%
Svizzera
50%
Irlanda
25%
Perù
25%
Bahrain
0%
Bielorussia
0%
Cile
0%
Cile
0%
Iran
0%
Kuwait
0%
Qatar
0%
Singapore
0%
Turchia
0%

Distribuzione punteggi

Percentile per numero di risposta

Percentuale di utenti per punteggio

I tuoi punteggi nel tempo

Non hai fatto questo quiz